| 000 | 00537nam a2200169Ia 4500 | ||
|---|---|---|---|
| 008 | 090711s9999 xx 000 0 und d | ||
| 082 | _b139 | ||
| 100 | _aभावे सविता | ||
| 245 | _aअवघेिSा अलौकिक | ||
| 260 |
_bउत्कर्ष प्रकाशन _c2000 |
||
| 300 | _a236 | ||
| 600 | _aभावे सविता | ||
| 630 | _aअवघेिSा अलौकिक | ||
| 700 | _aभावे सविता | ||
| 730 | _aअवघेिSा अलौकिक | ||
| 942 | _cBOOK | ||
| 999 |
_c337110 _d337110 |
||